Partial Country Shape Quiz #1 - Statistics

General Stats
  • This quiz has been taken 2,774 times
  • The average score is 14 of 16
Answer Stats
Country % Correct
Cyprus
97%
Italy
97%
Chile
96%
Egypt
96%
Greece
95%
Canada
94%
South Africa
94%
Japan
92%
Australia
90%
Senegal
90%
Ireland
84%
Vatican City
83%
Namibia
81%
Zambia
80%
Vietnam
76%
Saudi Arabia
61%
No matching quizzes found
Score Distribution
Percent of People with Each Score
Percentile by Number Answered
Your Score History
You have not taken this quiz